000 00546nam a22001697a 4500
003 OSt
005 20260127125046.0
008 260127b |||||||| |||| 00| 0 eng d
040 _cMRSPTU
041 _aENG
100 _aAmandeep Kaur, Supervisor: Jyoti Rani
245 _aAn Approach to Detect Stubble Burned Areas in Punjab by Analysing Remote Sensed Imagery
260 _b Department of CSE, MRSPTU, Bathinda
_c2016
650 _aComputer Science
856 _uhttp://163.47.215.52:8080/jspui/handle/123456789/292
942 _2ddc
_cTH
_n0
999 _c10754
_d10754